Guide to Evidence-Based Physical Therapist Practice (Record no. 3154)
[ view plain ]
| 000 -LEADER | |
|---|---|
| fixed length control field | 01616cam a22001934a 4500 |
| 005 - ΗΜΕΡΟΜΗΝΙΑ ΚΑΙ ΩΡΑ ΤΕΛΕΥΤΑΙΑΣ ΕΝΗΜΕΡΩΣΗΣ | |
| Πεδίο ελέγχου | 20250605164106.0 |
| 008 - FIXED-LENGTH DATA ELEMENTS--GENERAL INFORMATION | |
| Πεδίο ελέγχου σταθερού μήκους | 250528s ||||||||||||||||||||||||d |
| 035 ## - SYSTEM CONTROL NUMBER | |
| System control number | 17753 |
| 020 ## - ISBN | |
| ISBN | 9781284104325 |
| 040 ## - ΠΗΓΗ ΚΑΤΑΛΟΓΟΓΡΑΦΗΣΗΣ | |
| Φορέας πρωτότυπης καταλογογράφησης | MC Athens Campus Library |
| Γλώσσα καταλογογράφησης | Ελληνικά, Μοντέρνα (1453-) |
| Modifying agency | MC Athens Campus Library |
| Κανόνες περιγραφικής καταλογογράφησης | AACR2 |
| 245 1# - ΤΙΤΛΟΣ ΚΑΙ ΔΗΛΩΣΗ ΥΠΕΥΘΥΝΟΤΗΤΑΣ | |
| Τίτλος | Guide to Evidence-Based Physical Therapist Practice |
| 260 ## - PUBLICATION, DISTRIBUTION, ETC. | |
| Name of publisher, distributor, etc. | Jones And Bartlett Learning, |
| Date of publication, distribution, etc. | 2018 |
| 300 ## - PHYSICAL DESCRIPTION | |
| Extent | 476 |
| 520 ## - SUMMARY, ETC. | |
| Summary, etc. | This book teaches the knowledge and skills to evaluate medical evidence and apply it to the practice of physical therapy. Preface, Acknowledgements, Principles of Evidence-Based Physical Therapist Practice, Evidence-Based Physical Therapist Practice, What is Evidence?, The Quest for Evidence: Getting Started, Elements of Evidence, Questions and Theories and Hypotheses, Research Design, Research Subjects, Variables and Their Measurement, Validity in Research Findings, Unraveling Statistical Mysteries: Description, Unraveling Statistical Mysteries: Inference, Appraising the Evidence, Appraising Evidence about Diagnostic Tests and Clinical Measures, Appraising Evidence about prognostic (Risk) Factors, Appraising Evidence about Interventions, Appraising Evidence about Clinical Prediction Rules, Appraising Outcomes Research, Appraising Evidence about Self-Report Outcomes Measures, Appraising Collections of Evidence: Systematic Reviews, Appraising Collections of Evidence: Clinical Practice Guidelines, Appraising Qualitative Research Studies, Evidence in Practice, Patient or Client Preferences and Values, Index |
| 700 1# - ΠΡΟΣΘΕΤΗ ΑΝΑΓΡΑΦΗ--ΦΥΣΙΚΟ ΠΡΟΣΩΠΟ | |
| Personal name | Jewell Dianne V |
| 9 (RLIN) | 3958 |
| 942 ## - ADDED ENTRY ELEMENTS (KOHA) | |
| Koha item type | Books |
| Τύπος τεκμηρίου | Βιβλιοθήκη | Τρέχουσα τοποθεσία | Barcode | Αριθμός εισαγωγής | Ημερομηνία απόκτησης | Ταξιθετικό σύμβολο | Αριθμός αντιτύπου | Κατάσταση απόσυρσης | Κατάσταση χαμένου | Κατάσταση κατεστραμμένου | Μη δανεισμός | Σύνολο δανεισμών | Ημερομηνία τελευταίας εμφάνισης | Η τιμή ισχύει από |
|---|---|---|---|---|---|---|---|---|---|---|---|---|---|---|
| Books | MC Athens Campus Library | MC Athens Campus Library | 9780000031532 | 7118 | 05/06/2025 | 615.82 JEW | 1 | 05/06/2025 | 05/06/2025 |